000
00214nam a22000857a 4500
008
160715b xxu||||| |||| 00| 0 eng d
100
_9
2917
_a
Wadhawan
245
_a
Science: Refresher
260
_a
New Delhi
_b
Malhotra
_c
2007
999
_c
2482
_d
2482